000 00796cam a2200229 4500
008 000000n2000 000 0 eng u
020 _a1842190202
035 _a(Sirsi) u105641
110 _aRoyal Institution of Chartered Surveyors
_94900
245 _aContracts (Rights of Third Parties) Act 1999 : an information paper
245 _aContracts (Rights of Third Parties) Act 1999
260 _aLondon
_bRICS
_c2000
300 _a9p.
_c30cm.
490 _aRICS Information Paper
520 _aWithdrawn 1 August 2006
650 _aContracts
_96232
650 _aCONTRACTS (RIGHTS OF THIRD PARTIES) ACT 1999
650 _aTHIRD PARTY RIGHTS
651 _aEngland and Wales
_y1543-
690 _aBUILT ENVIRONMENT-CONSTRUCTION MANAGEMENT-BUILDING CONTRACT ADMINISTRATION
942 _n0
999 _c100462
_d100462